International journal of nonprofit and voluntary sector marketing.

Bibliographic Details
New Title:Journal of philanthropy and marketing
Previous Title:Journal of nonprofit and voluntary sector marketing
Format: Journal
Language:English
Published: [London] ; [Birmingham, Ala.] : Henry Stewart Publications, [1999]-
[Chichester, W. Sussex, UK] : John Wiley & Sons, Ltd.
Subjects:
Online Availability: Check for online availability

MARC

Tag First Indicator Second Indicator Subfields
LEADER 00000cas a2200000 a 4500
001 in00002498310
006 m o d
007 cr mnu||||||||
008 020714d19992020enkqx p o 0 a0eng c
005 20250701142943.1
010 |a  2006238702 
015 |a GB9934313  |2 bnb 
015 |a GBA600024  |2 bnb 
016 7 |a 013345126  |2 Uk 
019 |a 52917902  |a 224476160  |a 525964612  |a 610526511  |a 740962008  |a 779656949  |a 793530301  |a 796016507  |a 809591401  |a 846733417  |a 1016339027  |a 1017771269  |a 1051779408  |a 1053688577  |a 1126517902  |a 1136191348  |a 1193505735  |a 1229631185  |a 1374854322  |a 1440316243 
022 0 |a 1479-103X  |l 1465-4520  |y 1465-4520  |2 1 
029 1 |a AU@  |b 000024302020 
029 1 |a AU@  |b 000026445416 
029 1 |a AU@  |b 000027295182 
029 1 |a AU@  |b 000040321897 
029 1 |a AU@  |b 000043827647 
029 1 |a AU@  |b 000044920698 
029 1 |a AU@  |b 000045707536 
029 1 |a NLGGC  |b 394115945 
029 1 |a NZ1  |b 12188708 
029 1 |a NZ1  |b 16067129 
029 1 |a OCLCS  |b 47494 
029 1 |a OCLCS  |b OP-26024 
029 1 |a UKMGB  |b 013345126 
035 |a (OCoLC)ocm50167015 
035 |a (OCoLC)50167015  |z (OCoLC)52917902  |z (OCoLC)224476160  |z (OCoLC)525964612  |z (OCoLC)610526511  |z (OCoLC)740962008  |z (OCoLC)779656949  |z (OCoLC)793530301  |z (OCoLC)796016507  |z (OCoLC)809591401  |z (OCoLC)846733417  |z (OCoLC)1016339027  |z (OCoLC)1017771269  |z (OCoLC)1051779408  |z (OCoLC)1053688577  |z (OCoLC)1126517902  |z (OCoLC)1136191348  |z (OCoLC)1193505735  |z (OCoLC)1229631185  |z (OCoLC)1374854322  |z (OCoLC)1440316243 
035 |a (OCoLC)ocm50167015 
037 |b Journals Subscriptions Department, John Wiley & Sons, Ltd., 1 Oldlands Way, Bognor Regis, West Sussex PO22 9SA, UK 
040 |a F#A  |b eng  |e pn  |c F#A  |d OCLCQ  |d IUL  |d GUA  |d OCLCQ  |d TXA  |d UKMGB  |d OCLCQ  |d DLC  |d AU@  |d CCO  |d T5N  |d OCLCO  |d OCLCQ  |d OCLCO  |d WT2  |d OCLCO  |d NLE  |d OCLCQ  |d OCLCF  |d OCLCQ  |d OCLCO  |d VT2  |d OCLCQ  |d U3W  |d OCLCO  |d NJT  |d SFB  |d OCLCQ  |d OCLCO  |d DLC  |d LDP  |d CNMTR  |d DLC  |d WAU  |d OCLCO  |d OCLCQ  |d UEJ  |d OCLCL 
042 |a pcc  |a nsdp 
050 4 |a HF5410  |b .I577 Electronic 
082 1 0 |a 658  |2 23  |1 https://id.oclc.org/worldcat/ddc/E48YPvkG3ycmhhHvd9XgBJFT8c 
082 0 4 |a 658.8  |1 https://id.oclc.org/worldcat/ddc/E3VWy4m9TkF4Mxx6hvRhWyJrCk 
210 0 0 |a Int. J. Nonprofit Volunt. Sect. Mark.  |b (Online) 
222 0 |a International journal of non profit and voluntary sector marketing  |b (Online) 
245 0 0 |a International journal of nonprofit and voluntary sector marketing. 
246 3 0 |a Nonprofit and voluntary sector marketing 
264 1 |3 <2001>-2004 :  |a [London] ;  |a [Birmingham, Ala.] :  |b Henry Stewart Publications,  |c [1999]- 
264 3 1 |3 2005-2020 :  |a [Chichester, W. Sussex, UK] :  |b John Wiley & Sons, Ltd. 
264 4 |c ©1999- 
300 |a 1 online resource 
310 |a Four issues a year 
336 |a text  |b txt  |2 rdacontent 
337 |a computer  |b c  |2 rdamedia 
338 |a online resource  |b cr  |2 rdacarrier 
362 1 |a Print began with: Volume 4, number 1 (February 1999); ceased with: volume 25, number 4 (November 2020). 
500 |a Some issues have special theme titles and are called special issues. 
588 0 |a Volume 4, number 1 (February 1999); title from cover PDF (Wiley, viewed September 27, 2021). 
588 1 |a Volume 25, number 4 (November 2020) (Wiley, viewed September 27, 2021). 
650 0 |a Nonprofit organizations  |x Marketing  |v Periodicals. 
650 0 |a Marketing  |v Periodicals. 
650 0 |a Associations, institutions, etc  |x Marketing  |v Periodicals. 
650 7 |a Nonprofit Organization Administration.  |2 ebps 
650 7 |a Marketing.  |2 ebps  |0 (uri) http://id.worldcat.org/fast/fst01010167 
650 7 |a Marketing.  |2 fast  |0 (OCoLC)fst01010167 
650 7 |a Nonprofit organizations  |x Marketing.  |2 fast  |0 (OCoLC)fst01038920 
653 0 |a Journal 
653 0 |a Online Journal 
655 7 |a Periodicals.  |2 fast  |0 (OCoLC)fst01411641 
655 7 |a Periodicals.  |2 lcgft 
776 0 8 |i Print version:  |t International journal of nonprofit and voluntary sector marketing  |x 1465-4520  |w (DLC) 00233157  |w (OCoLC)42284933 
780 0 0 |t Journal of nonprofit and voluntary sector marketing  |x 1360-8576  |w (DLC) 2021244559  |w (OCoLC)879664314 
785 0 0 |t Journal of philanthropy and marketing  |x 2691-1361  |w (DLC) 2020200086  |w (OCoLC)1147705268 
850 |a DLC 
891 2 0 |9 853  |8 1  |a v.  |b issue  |u 4  |v r  |i (year)  |j (month)  |w q 
891 4 1 |9 863  |8 1.1  |a 4  |b 1  |i 1999  |j 02 
891 2 0 |9 853  |8 2  |a v.  |b issue  |u 4  |v r  |i (year)  |j (month)  |w 4 
891 4 1 |9 863  |8 2.1  |a <11>  |b <2>  |i <2006>  |j <05> 
948 |a cataloged  |b h  |c 2010/5/17  |d c  |e spoltoratski  |f 2:28:35 pm 
994 |a Z0  |b TXA 
999 f f |s 29091212-9da9-3233-9168-e45a73b541cf  |i acfb65da-b431-3a6c-b886-e4fa30326796  |t 0 
952 f f |a Texas A&M University  |b College Station  |c Electronic Resources  |d Available Online  |t 0  |e HF5410 .I577  |g Electronic  |h Library of Congress classification 
998 f f |a HF5410 .I577  |t 0  |l Available Online